000
00222 a2200097 4500
245
_a
The subtle knife
_h
Text
020
_a
9780440238140
100
_a
Phillip Pullman
005
20191021095721.0
260
_a
New York
_b
laurel lea
_c
1997
084
_a
NONE
999
_c
12590
_d
12590